Vida y poesia de Bocangel.

Αποθηκεύτηκε σε:
Λεπτομέρειες βιβλιογραφικής εγγραφής
Κύριος συγγραφέας: Benitez Claros, Rafael
Μορφή: Βιβλίο
Γλώσσα:English
Έκδοση: Madrid : Consejo Superior de Investigaciones Cientificas, 1950.
Σειρά:Cuadernos de literatura. Anejos
Θέματα:
LEADER 00843nam a2200217 i 4500
001 c000028874
003 CARM
005 00000000000000.0
008 850603s1950 sp 0 eng d
019 1 |a 9254877  |5 LACONCORD2021 
035 |a (OCoLC)531740  |5 LACONCORD2021 
100 2 |a Benitez Claros, Rafael. 
245 1 0 |a Vida y poesia de Bocangel. 
260 |a Madrid :  |b Consejo Superior de Investigaciones Cientificas,  |c 1950. 
300 |a 459 p. :  |b facsim. 
440 0 |a Cuadernos de literatura. Anejos 
500 |a Bibliography: p. 393-403. 
600 1 0 |a Bocangel y Unzueta, Gabriel,  |d ca. 1608-ca. 1658. 
852 8 |b CARM  |h A2:AE32D0  |i C00839  |p 0055935  |f BK 
999 f f |i a62adce3-d227-5744-b4cd-c90bf8bbaf81  |s 137b7f41-e08f-5994-b41d-a7840d93c95b 
952 f f |p Can circulate  |a CAVAL  |b CAVAL  |c CAVAL  |d CARM 1 Store  |e C00839  |f A2:AE32D0  |h Other scheme  |i book  |m 0055935